[Event "II ShakkiNet Int. GM-group"]
[Site "Helsinki"]
[Date "2000.07.17"]
[Round "8"]
[White "Karttunen, Mika"]
[Black "Nyysti, Sampsa"]
[Result "1-0"]
[WhiteElo "2399"]
[BlackElo "2305"]
[PlyCount "71"]

1. d4 c5 2. d5 f5 3. Nf3 g6 4. a4 Bg7 5. Nc3 Nf6 6. g3 d6 7. Bg2 O-O 8. O-O Na6
9. Nd2 e5 10. dxe6 d5 11. e7 Qxe7 12. Nxd5 Nxd5 13. Bxd5+ Be6 14. Bxe6+ Qxe6
15. Ra3 Rad8 16. Re3 Qc6 17. c3 c4 18. Qc2 Nc7 19. b3 cxb3 20. Qxb3+ Kh8 21. c4
Ne6 22. Qb5 Qc8 23. Nf3 f4 24. Rb3 fxg3 25. hxg3 Rf5 26. Qxb7 Qxc4 27. Re3 Nc5
28. Qc7 Rg8 29. Re7 Qc3 30. Bh6 Nxa4 31. Qxa7 Ra5 32. Ng5 Qf6 33. Nf7+ Qxf7 34.
Rxf7 Rxa7 35. Rxa7 Bxh6 36. Rxa4 1-0

[Event "II ShakkiNet Int. GM-group"]
[Site "Helsinki"]
[Date "2000.07.18"]
[Round "9"]
[White "Nyysti, Sampsa"]
[Black "Sammalvuo, Tapani"]
[Result "0-1"]
[WhiteElo "2305"]
[BlackElo "2388"]
[PlyCount "68"]

1. e4 e5 2. Nc3 Nf6 3. Nf3 Nc6 4. g3 d5 5. exd5 Nxd5 6. Bg2 Nxc3 7. bxc3 Bc5 8.
O-O O-O 9. d3 Bg4 10. Rb1 Bb6 11. Qe1 Re8 12. Nd2 Be6 13. Nc4 Bd5 14. Bxd5 Qxd5
15. a3 e4 16. Nxb6 axb6 17. c4 Qf5 18. Bb2 Rad8 19. dxe4 Rxe4 20. Qc3 Nd4 21.
Rbd1 f6 22. Kg2 Rd6 23. Rde1 Rde6 24. Rxe4 Qxe4+ 25. f3 Qxc2+ 26. Rf2 Qxc3 27.
Bxc3 Nf5 28. Rd2 Ne3+ 29. Kf2 Re7 30. Rd3 Nxc4 31. Bb4 c5 32. Bd2 Kf7 33. Bf4
Ke6 34. g4 Rd7 0-1

[Event "II ShakkiNet Int. GM-group"]
[Site "Helsinki"]
[Date "2000.07.18"]
[Round "9"]
[White "Norri, Joose"]
[Black "Agopov, Mikael"]
[Result "1/2-1/2"]
[WhiteElo "2408"]
[BlackElo "2399"]
[PlyCount "24"]

1. d4 Nf6 2. c4 e6 3. Nc3 Bb4 4. e3 O-O 5. Bd3 d5 6. Nf3 c5 7. O-O Nc6 8. a3
Bxc3 9. bxc3 Qc7 10. cxd5 exd5 11. a4 Re8 12. Re1 Ne4 1/2-1/2

[Event "II ShakkiNet Int. GM-group"]
[Site "Helsinki"]
[Date "2000.07.18"]
[Round "9"]
[White "Anka, Emil"]
[Black "Sepp, Olav"]
[Result "1/2-1/2"]
[WhiteElo "2451"]
[BlackElo "2439"]
[PlyCount "21"]

1. e4 e5 2. Nf3 Nc6 3. Bb5 a6 4. Ba4 Nf6 5. O-O Be7 6. Re1 d6 7. c3 Bg4 8. h3
Bh5 9. d3 Nd7 10. Nbd2 Nc5 11. Bc2 1/2-1/2

[Event "II ShakkiNet Int. GM-group"]
[Site "Helsinki"]
[Date "2000.07.18"]
[Round "9"]
[White "Yrjola, Jouni"]
[Black "Gavrikov, Viktor"]
[Result "1/2-1/2"]
[WhiteElo "2442"]
[BlackElo "2549"]
[PlyCount "20"]

1. d4 Nf6 2. c4 g6 3. g3 Bg7 4. Bg2 d5 5. cxd5 Nxd5 6. e4 Nb6 7. Ne2 c5 8. d5
e6 9. O-O exd5 10. exd5 O-O 1/2-1/2

[Event "II ShakkiNet Int. IM-group"]
[Site "Helsinki"]
[Date "2000.07.10"]
[Round "1"]
[White "Payen, Arnaud"]
[Black "Nouro, Mikael"]
[Result "1/2-1/2"]
[WhiteElo "2354"]
[BlackElo "2397"]
[PlyCount "40"]

1. e4 e5 2. Nf3 Nf6 3. Nc3 Bb4 4. Nxe5 O-O 5. Be2 d6 6. Nd3 Bxc3 7. dxc3 Nxe4
8. O-O Re8 9. Re1 Nd7 10. Bf1 b6 11. f3 Nef6 12. Bg5 h6 13. Bh4 Rxe1 14. Qxe1
Nf8 15. Nb4 Bb7 16. Bc4 Ng6 17. Bxf6 Qxf6 18. Bd5 Bxd5 19. Nxd5 Qg5 20. Rd1 Rd8
1/2-1/2

[Event "II ShakkiNet Int. IM-group"]
[Site "Helsinki"]
[Date "2000.07.10"]
[Round "1"]
[White "Seeman, Tarvo"]
[Black "Pirttimaki, Timo"]
[Result "1-0"]
[WhiteElo "2398"]
[BlackElo "2267"]
[PlyCount "133"]

1. Nf3 c5 2. g3 g6 3. Bg2 Bg7 4. O-O Nc6 5. c3 e5 6. d4 exd4 7. cxd4 cxd4 8.
Na3 a6 9. Bg5 Nge7 10. Qd2 h6 11. Bf4 d5 12. h4 Bf5 13. Rac1 Be4 14. Nc2 Nf5
15. Nb4 Qb6 16. Nd3 Rd8 17. Bh3 Nd6 18. Be5 O-O 19. Qf4 Nxe5 20. Nfxe5 Bf5 21.
Bxf5 Nxf5 22. h5 Qd6 23. g4 Ne7 24. Qg3 g5 25. f4 Bf6 26. Nf3 Rc8 27. Kg2 gxf4
28. Qxf4 Qxf4 29. Nxf4 Rc4 30. Rcd1 Rfc8 31. Rd2 Rd8 32. Rfd1 Nc6 33. Kg3 Be5
34. Nxe5 Nxe5 35. Rxd4 Rxd4 36. Rxd4 Nc4 37. b3 Nb6 38. e4 Rc8 39. exd5 Rc3+
40. Kh4 Nd7 41. Re4 Nf6 42. Rc4 Rf3 43. g5 b5 44. Rd4 Nd7 45. gxh6 Kh7 46. Kg5
Re3 47. Nd3 Rf3 48. d6 f6+ 49. Kg4 Rf1 50. Nf4 Re1 51. b4 Kxh6 52. a3 Re5 53.
Rd5 f5+ 54. Kf3 Kg7 55. Rd1 Re4 56. Rg1+ Kf6 57. Nd3 Rh4 58. Rg6+ Kf7 59. Rh6
Kg7 60. Re6 Nf6 61. Nc5 Rxh5 62. d7 Rh8 63. Rxa6 Kf7 64. Kf4 Rd8 65. Kxf5 Nxd7
66. Ra7 Ke8 67. Rxd7 1-0

[Event "II ShakkiNet Int. IM-group"]
[Site "Helsinki"]
[Date "2000.07.10"]
[Round "1"]
[White "Raaste, Eero"]
[Black "Kiik, Kalle"]
[Result "1/2-1/2"]
[WhiteElo "2353"]
[BlackElo "2442"]
[PlyCount "135"]

1. e4 c5 2. Nf3 g6 3. d4 Bg7 4. Nc3 cxd4 5. Nxd4 Nc6 6. Be3 Nf6 7. Bc4 O-O 8.
Bb3 a5 9. O-O a4 10. Nxa4 Nxe4 11. c4 d6 12. f3 Nxd4 13. Bxd4 Nc5 14. Bxg7 Kxg7
15. Nc3 e5 16. Rf2 Be6 17. a3 Nxb3 18. Qxb3 Qc7 19. Nd5 Bxd5 20. cxd5 Rac8 21.
Qb5 b6 22. Rd1 Qc5 23. Qd3 f5 24. g3 Rf7 25. Kg2 b5 26. Qb3 Qc4 27. Rd3 Qxb3
28. Rxb3 Rc5 29. Rd2 Ra7 30. f4 Kf6 31. Kf3 Ra4 32. fxe5+ Kxe5 33. Re3+ Re4 34.
Red3 g5 35. h3 h5 36. Kg2 Rcc4 37. Rb3 Rc5 38. Rbd3 Rcc4 39. Rb3 b4 40. axb4
Rxb4 41. Ra3 Rbd4 42. Rf2 f4 43. gxf4+ Rxf4 44. Re2+ Rfe4 45. Rf2 g4 46. Ra8
gxh3+ 47. Kxh3 Rh4+ 48. Kg2 Rdg4+ 49. Kf1 Rf4 50. Rh8 Rxf2+ 51. Kxf2 Kxd5 52.
Kg3 Rg4+ 53. Kf3 Rg5 54. Ke3 Kc4 55. Rc8+ Rc5 56. Rd8 Re5+ 57. Kd2 d5 58. Rc8+
Kd4 59. b4 Rg5 60. b5 Rg2+ 61. Kc1 Rg1+ 62. Kc2 Rg2+ 63. Kc1 Rg6 64. Rc6 Rg8
65. b6 Kd3 66. b7 Rb8 67. Rc7 d4 68. Rh7 1/2-1/2

[Event "II ShakkiNet Int. IM-group"]
[Site "Helsinki"]
[Date "2000.07.10"]
[Round "1"]
[White "Gamback, Bjorn"]
[Black "Maki-Uuro, Miikka"]
[Result "0-1"]
[WhiteElo "2235"]
[BlackElo "2329"]
[PlyCount "150"]

1. e4 c6 2. d4 d5 3. exd5 cxd5 4. c4 e6 5. Nf3 Nf6 6. Nc3 Bb4 7. Bd3 O-O 8. O-O
dxc4 9. Bxc4 b6 10. Bg5 Bb7 11. a3 Bxc3 12. bxc3 Nbd7 13. Ba2 Qc7 14. c4 Be4
15. Rc1 Qb7 16. Nh4 h6 17. Be3 b5 18. d5 exd5 19. f3 Bh7 20. cxd5 b4 21. axb4
Qxb4 22. g3 a5 23. Ng2 a4 24. Bd4 Rfc8 25. Rc6 Re8 26. Re1 Rxe1+ 27. Nxe1 Re8
28. Bc3 Qa3 29. Qd2 Ne5 30. Bxe5 Rxe5 31. Rc8+ Re8 32. Rxe8+ Nxe8 33. Qe2 Nd6
34. Kg2 Bf5 35. g4 Bd7 36. Bb1 Kf8 37. Bd3 Qc5 38. Qa2 h5 39. Nc2 hxg4 40. fxg4
Qc3 41. Be2 Qd2 42. Kf1 Qf4+ 43. Ke1 Bxg4 44. Bxg4 Qxg4 45. Qa3 Qh4+ 46. Kd1
Qh5+ 47. Kc1 Qxd5 48. Qxa4 Qh1+ 49. Kb2 Qxh2 50. Qd4 Qe5 51. Qxe5 Nc4+ 52. Kc3
Nxe5 53. Kd4 f6 54. Ne3 Kf7 55. Ke4 g6 56. Nd5 Nd7 57. Kf4 Nc5 58. Kg4 Ne6 59.
Ne3 Kg7 60. Nd5 f5+ 61. Kh4 Kh6 62. Ne3 g5+ 63. Kh3 Kg6 64. Nd5 Nf4+ 65. Nxf4+
gxf4 66. Kg2 Kh5 67. Kf3 Kg5 68. Kf2 Kg4 69. Kg2 f3+ 70. Kf2 Kf4 71. Kf1 Ke3
72. Ke1 f2+ 73. Kf1 f4 74. Kg2 Ke2 75. Kh2 f1=R 0-1

0-1

[Event "II ShakkiNet Int. IM-group"]
[Site "Helsinki"]
[Date "2000.07.11"]
[Round "2"]
[White "Nouro, Mikael"]
[Black "Koskela, Niina"]
[Result "1-0"]
[WhiteElo "2397"]
[BlackElo "2191"]
[PlyCount "51"]

1. e4 e5 2. Nf3 Nf6 3. Nxe5 d6 4. Nf3 Nxe4 5. Bd3 Nf6 6. O-O Be7 7. c3 Bg4 8.
Bc2 O-O 9. d4 Bh5 10. Re1 Re8 11. Bg5 Nbd7 12. Nbd2 Nf8 13. Bf5 h6 14. Bf4 Bg6
15. Nh4 Bxf5 16. Nxf5 Ng6 17. Bg3 Nh7 18. h4 Bf6 19. Qg4 Kh8 20. Ne4 Rg8 21.
Re3 Ne7 22. Rae1 Qc8 23. Nexd6 cxd6 24. Nxd6 Qf8 25. Qd7 Rd8 26. Qxd8 1-0

[Event "II ShakkiNet Int. IM-group"]
[Site "Helsinki"]
[Date "2000.07.11"]
[Round "2"]
[White "Maki-Uuro, Miikka"]
[Black "Lampen, Timo"]
[Result "1/2-1/2"]
[WhiteElo "2329"]
[BlackElo "2308"]
[PlyCount "58"]

1. d4 d5 2. Nf3 c6 3. e3 e6 4. c4 f5 5. Bd3 Nf6 6. O-O Bd6 7. b3 Qe7 8. Bb2 O-O
9. Qc1 Ne4 10. Ba3 Nd7 11. Bxd6 Qxd6 12. Qa3 Qxa3 13. Nxa3 b6 14. Rfc1 Bb7 15.
Ne1 a6 16. Nb1 c5 17. Nc3 Nxc3 18. Rxc3 e5 19. cxd5 exd4 20. exd4 Bxd5 21. dxc5
Nxc5 22. Bc4 Rad8 23. Nf3 Rfe8 24. Kf1 Ne4 25. Bxd5+ Rxd5 26. Rc6 Nd2+ 27. Nxd2
Rxd2 28. Re1 Rxe1+ 29. Kxe1 Rxa2 1/2-1/2

[Event "II ShakkiNet Int. IM-group"]
[Site "Helsinki"]
[Date "2000.07.11"]
[Round "2"]
[White "Kiik, Kalle"]
[Black "Gamback, Bjorn"]
[Result "1-0"]
[WhiteElo "2442"]
[BlackElo "2235"]
[PlyCount "125"]

1. Nf3 c5 2. b3 e6 3. e4 b6 4. Bb2 Bb7 5. Nc3 Be7 6. Be2 d6 7. d4 cxd4 8. Qxd4
Nf6 9. Bb5+ Nc6 10. Qa4 Qc7 11. Nd4 Rc8 12. Qxa7 O-O 13. Bxc6 Bxc6 14. Qxc7
Rxc7 15. f3 Rfc8 16. Nce2 d5 17. e5 Nd7 18. f4 Bb7 19. Kd2 Ba6 20. Rac1 Nc5 21.
Ke3 f6 22. h4 fxe5 23. fxe5 Bf8 24. Nf4 g6 25. g4 Bg7 26. Nf3 Nd7 27. c4 Nc5
28. cxd5 exd5 29. b4 Na4 30. Rxc7 Rxc7 31. Rc1 Rc4 32. Rxc4 Bxc4 33. Bd4 Bxa2
34. Ne6 Bh6+ 35. g5 Bf8 36. Nxf8 Kxf8 37. Nh2 Kf7 38. Ng4 Ke6 39. Nf6 Nc5 40.
bxc5 bxc5 41. Bxc5 Kxe5 42. Bd4+ Kf5 43. Kf3 Bb3 44. Nxh7 Bd1+ 45. Ke3 Kg4 46.
Nf6+ Kf5 47. Nxd5 Ke6 48. Nc3 Bc2 49. Kf4 Bd3 50. Bf2 Bc2 51. Bg3 Bd3 52. Ke3
Bc2 53. Kd4 Bb3 54. Kc5 Kd7 55. Ne2 Bd1 56. Nd4 Bg4 57. Kd5 Ke7 58. Bd6+ Kf7
59. Bb4 Bh3 60. Ke5 Bg4 61. Nc6 Bh3 62. Nd8+ Ke8 63. Kf6 1-0

[Event "II ShakkiNet Int. IM-group"]
[Site "Helsinki"]
[Date "2000.07.11"]
[Round "2"]
[White "Pirttimaki, Timo"]
[Black "Raaste, Eero"]
[Result "0-1"]
[WhiteElo "2267"]
[BlackElo "2353"]
[PlyCount "126"]

1. c4 e5 2. g3 Nf6 3. Bg2 d5 4. cxd5 Nxd5 5. a3 Be7 6. Nc3 Nb6 7. d3 O-O 8. Be3
Re8 9. Rc1 Bf8 10. Nf3 Nc6 11. O-O h6 12. Ne4 g6 13. Nc5 Bg7 14. b4 Nd5 15. Bd2
b6 16. Qa4 Nb8 17. Ne4 Bb7 18. Rc2 Nd7 19. Rfc1 Nf8 20. Nc3 Ne6 21. e3 Ne7 22.
Qb3 c5 23. Ne1 Bxg2 24. Kxg2 Qd7 25. Kg1 Rec8 26. Ne4 cxb4 27. Bxb4 Rxc2 28.
Rxc2 Nd5 29. Bd6 Nf6 30. Bxe5 Nxe4 31. Bxg7 N4c5 32. Rxc5 Nxc5 33. Qc3 Kh7 34.
Bd4 Rc8 35. Qb2 Ne6 36. Be5 Qc6 37. Qb4 Ng5 38. h4 Nh3+ 39. Kf1 Qh1+ 40. Ke2
Ng1+ 41. Kd2 Nf3+ 42. Nxf3 Qxf3 43. Qf4 Qxf4 44. Bxf4 h5 45. e4 Kg7 46. Be5+
Kf8 47. Bb2 Ke7 48. d4 Rc4 49. Kd3 Ra4 50. f3 Kd6 51. g4 b5 52. Bc1 Kc6 53.
gxh5 gxh5 54. Bb2 Kd7 55. Bc1 Ra6 56. d5 Ra4 57. Bb2 a5 58. Bc1 Kd6 59. Bf4+
Kd7 60. Bc1 b4 61. axb4 Rxb4 62. Kc3 Rb8 63. Ba3 Rb1 0-1

[Event "II ShakkiNet Int. IM-group"]
[Site "Helsinki"]
[Date "2000.07.11"]
[Round "2"]
[White "Payen, Arnaud"]
[Black "Seeman, Tarvo"]
[Result "0-1"]
[WhiteElo "2354"]
[BlackElo "2398"]
[PlyCount "86"]

1. d4 Nf6 2. c4 g6 3. g3 Bg7 4. Bg2 O-O 5. Nc3 d6 6. Nf3 Nbd7 7. O-O e5 8. e4
exd4 9. Nxd4 Re8 10. h3 Nc5 11. Re1 a5 12. Ndb5 Bd7 13. Bf4 Qc8 14. Nxc7 Qxc7
15. Bxd6 Qc8 16. e5 Nh5 17. Nd5 Ne6 18. Nb6 Qd8 19. Nxa8 Qxa8 20. Qd2 Bc6 21.
Bd5 Bf8 22. Rad1 Nhg7 23. Bxc6 bxc6 24. g4 g5 25. Qe3 Nf4 26. h4 h6 27. Bxf8
Rxf8 28. Rd6 c5 29. Qe4 Nge6 30. Qxa8 Rxa8 31. Re3 a4 32. Ra3 Rb8 33. b3 axb3
34. axb3 Rb7 35. h5 Kg7 36. Kh2 Nd4 37. Kg3 Nxb3 38. Rd8 Nd4 39. Raa8 Rb3+ 40.
f3 Rxf3+ 41. Kh2 Rh3+ 42. Kg1 Nf3+ 43. Kf1 Nxe5 0-1

[Event "II ShakkiNet Int. IM-group"]
[Site "Helsinki"]
[Date "2000.07.12"]
[Round "3"]
[White "Raaste, Eero"]
[Black "Payen, Arnaud"]
[Result "1/2-1/2"]
[WhiteElo "2353"]
[BlackElo "2354"]
[PlyCount "35"]

1. e4 Nf6 2. e5 Nd5 3. d4 d6 4. Nf3 g6 5. Bc4 Nb6 6. Bb3 Bg7 7. Ng5 e6 8. Qf3
Qe7 9. Ne4 dxe5 10. Bg5 Qb4+ 11. c3 Qa5 12. Bf6 Bxf6 13. Qxf6 O-O 14. Qxe5 Qxe5
15. dxe5 Bd7 16. Nbd2 Bc6 17. f4 N8d7 18. O-O 1/2-1/2

[Event "II ShakkiNet Int. IM-group"]
[Site "Helsinki"]
[Date "2000.07.12"]
[Round "3"]
[White "Lampen, Timo"]
[Black "Kiik, Kalle"]
[Result "0-1"]
[WhiteElo "2308"]
[BlackElo "2442"]
[PlyCount "78"]

1. e4 e5 2. Nf3 Nc6 3. d4 exd4 4. Nxd4 Bc5 5. Nxc6 Qf6 6. Qd2 bxc6 7. Nc3 Ne7
8. Bd3 O-O 9. O-O Bb4 10. Qe3 d6 11. Qg3 Bxc3 12. bxc3 Qxc3 13. Rb1 Ng6 14. h4
Qa5 15. f4 f6 16. Be2 Ba6 17. Bxa6 Qxa6 18. Qb3+ Rf7 19. h5 Nf8 20. Be3 Re8 21.
e5 d5 22. exf6 gxf6 23. f5 Rg7 24. Bh6 Rg4 25. Rf4 Qe2 26. Qh3 Rxf4 27. Bxf4
Nd7 28. Bxc7 Qxc2 29. Rf1 Qd2 30. Bf4 Qd4+ 31. Kh2 Ne5 32. h6 Kh8 33. Qh4 Nd3
34. Qh5 Rg8 35. Bg3 Ne5 36. Bh4 Ng4+ 37. Kh1 Qe4 38. Be1 Qe2 39. Rg1 Nf2+ 0-1

[Event "II ShakkiNet Int. IM-group"]
[Site "Helsinki"]
[Date "2000.07.12"]
[Round "3"]
[White "Koskela, Niina"]
[Black "Maki-Uuro, Miikka"]
[Result "1/2-1/2"]
[WhiteElo "2191"]
[BlackElo "2329"]
[PlyCount "93"]

1. e4 c6 2. d3 d5 3. Nd2 e5 4. Ngf3 Bd6 5. g3 Nf6 6. Bg2 O-O 7. O-O Bg4 8. h3
Bh5 9. Qe1 Re8 10. Nh4 Bg6 11. Qe2 Nbd7 12. Qf3 Bf8 13. Re1 Nc5 14. a3 a5 15.
Nxg6 hxg6 16. Qd1 Qc7 17. Nb3 Nxb3 18. cxb3 dxe4 19. dxe4 Bc5 20. Qc2 Bd4 21.
Bf3 Red8 22. Bg5 Rd6 23. Bxf6 gxf6 24. Kg2 Rad8 25. Rad1 Ba7 26. Rxd6 Rxd6 27.
Rd1 Rxd1 28. Bxd1 Qb6 29. Bg4 Qd4 30. a4 Bc5 31. Kf1 Kf8 32. Kg2 Kg7 33. Kf1
Kg8 34. Kg2 Kf8 35. Kf1 Ke7 36. Kg2 Kd8 37. Qd1 Ke7 38. Qc2 Kd6 39. Kf1 Kc7 40.
Kg2 Kb8 41. Kf1 Kc7 42. Kg2 Kd6 43. Kf1 Ke7 44. Kg2 Kf8 45. Kf1 Kg7 46. Kg2 b6
47. Kf1 1/2-1/2

[Event "II ShakkiNet Int. IM-group"]
[Site "Helsinki"]
[Date "2000.07.13"]
[Round "4"]
[White "Nouro, Mikael"]
[Black "Maki-Uuro, Miikka"]
[Result "1/2-1/2"]
[WhiteElo "2397"]
[BlackElo "2329"]
[PlyCount "90"]

1. e4 c5 2. Nf3 d6 3. d4 Nf6 4. Nc3 cxd4 5. Nxd4 a6 6. Be3 e5 7. Nf3 Be7 8. Bc4
Be6 9. Bxe6 fxe6 10. Ng5 Qd7 11. Qf3 Nc6 12. Qh3 Nd8 13. Bb6 h6 14. O-O-O O-O
15. Nf3 Nf7 16. Nh4 Rfc8 17. Ng6 Kh7 18. Nxe7 Qxe7 19. Qd3 Rc6 20. Be3 Kh8 21.
Kb1 Rd8 22. f4 d5 23. exd5 exd5 24. fxe5 Nxe5 25. Qf5 Nc4 26. Bd4 Qb4 27. b3
Na3+ 28. Kb2 Nc4+ 29. Ka1 Ne3 30. Qd3 Qxd4 31. Qxd4 Nxc2+ 32. Kb2 Nxd4 33. Rxd4
Rdc8 34. Rc1 Kg8 35. Ne2 Rxc1 36. Nxc1 Kf7 37. Nd3 Ke6 38. Rb4 Rc7 39. Rxb7
Rxb7 40. Nc5+ Kd6 41. Nxb7+ Kc6 42. Nd8+ Kd7 43. Nb7 Kc6 44. Nd8+ Kd7 45. Nb7
Kc6 1/2-1/2

[Event "II ShakkiNet Int. IM-group"]
[Site "Helsinki"]
[Date "2000.07.13"]
[Round "4"]
[White "Kiik, Kalle"]
[Black "Koskela, Niina"]
[Result "1-0"]
[WhiteElo "2442"]
[BlackElo "2191"]
[PlyCount "127"]

1. e4 e5 2. Nf3 Nc6 3. d4 exd4 4. Bc4 Nf6 5. e5 d5 6. Bb5 Ne4 7. Nxd4 Bd7 8.
Bxc6 bxc6 9. O-O Be7 10. f3 Ng5 11. Bxg5 Bxg5 12. f4 Be7 13. f5 O-O 14. Nb3 Kh8
15. Nc3 Rg8 16. Qd4 f6 17. e6 Be8 18. Nc5 g6 19. fxg6 Rxg6 20. Nd3 Qd6 21. Rae1
c5 22. Qh4 Bc6 23. Nf4 Rg5 24. Nh3 Rg7 25. Ne2 Rag8 26. Ng3 d4 27. Rf2 Rg4 28.
Qh6 f5 29. Ree2 d3 30. cxd3 Qxd3 31. Qe3 Qxe3 32. Rxe3 c4 33. Rxf5 Be8 34. Ref3
Bg6 35. R5f4 h5 36. Nf5 Bc5+ 37. Kf1 Re8 38. e7 Bxe7 39. Nxe7 Rxe7 40. Nf2 Rxf4
41. Rxf4 Bd3+ 42. Nxd3 cxd3 43. Rd4 Re2 44. Rxd3 Rxb2 45. Rd5 Rxa2 46. Rxh5+
Kg7 47. Rc5 a5 48. h3 a4 49. Rxc7+ Kg6 50. Rc5 a3 51. Ra5 Kf6 52. Kg1 Ke6 53.
Kh2 Kd6 54. h4 Ke6 55. Kh3 Kf6 56. Kg3 Kg6 57. Kf3 Kh6 58. Ra6+ Kg7 59. g4 Ra1
60. Kf4 a2 61. Kg5 Kf7 62. h5 Kg7 63. Ra7+ Kf8 64. h6 1-0

[Event "II ShakkiNet Int. IM-group"]
[Site "Helsinki"]
[Date "2000.07.13"]
[Round "4"]
[White "Payen, Arnaud"]
[Black "Gamback, Bjorn"]
[Result "1-0"]
[WhiteElo "2354"]
[BlackElo "2235"]
[PlyCount "63"]

1. e4 c5 2. Nf3 d6 3. d4 cxd4 4. Nxd4 Nf6 5. Nc3 g6 6. Bg5 Bg7 7. Bb5+ Bd7 8.
Qe2 a6 9. Bxd7+ Nbxd7 10. h4 h5 11. O-O-O Rc8 12. Rh3 O-O 13. f4 Qa5 14. Nb3
Qc7 15. f5 Qc4 16. Qe1 b5 17. Rd2 Rfe8 18. Kb1 Nb6 19. Bxf6 Bxf6 20. fxg6 fxg6
21. Nd5 Nxd5 22. exd5 Be5 23. a3 Rf8 24. Rhd3 Qg4 25. Nd4 Rc4 26. Nf3 Re4 27.
Re2 Rxe2 28. Qxe2 Bf6 29. Re3 Rc8 30. Qd3 Qxg2 31. Ng5 Qg1+ 32. Ka2 1-0

[Event "II ShakkiNet Int. IM-group"]
[Site "Helsinki"]
[Date "2000.07.13"]
[Round "4"]
[White "Seeman, Tarvo"]
[Black "Raaste, Eero"]
[Result "1-0"]
[WhiteElo "2398"]
[BlackElo "2353"]
[PlyCount "81"]

1. e4 e6 2. d3 d5 3. Nd2 c5 4. Ngf3 Nc6 5. g3 Bd6 6. Bg2 Nge7 7. O-O O-O 8. Nh4
f6 9. f4 Rb8 10. a4 a6 11. Kh1 b6 12. Re1 Bc7 13. c3 b5 14. axb5 axb5 15. Nb3
Bb6 16. exd5 Nxd5 17. Nf3 Rb7 18. d4 c4 19. Nc5 Re7 20. Bd2 Na5 21. Qe2 Nc7 22.
Be3 Rfe8 23. Bg1 Nd5 24. Nh4 Bxc5 25. dxc5 Bb7 26. Nf3 Nb3 27. Rad1 Qa8 28. Nd4
Nxc5 29. Nxb5 Nd3 30. Rf1 e5 31. Nd6 exf4 32. Qf3 Bc6 33. Ra1 Qb8 34. Nxe8 Rxe8
35. Ra6 Bb7 36. Ra7 Rd8 37. gxf4 Bc6 38. Qg4 Bb7 39. Rfa1 h5 40. Qe6+ Kh8 41.
Qf7 1-0

[Event "II ShakkiNet Int. IM-group"]
[Site "Helsinki"]
[Date "2000.07.14"]
[Round "5"]
[White "Gamback, Bjorn"]
[Black "Seeman, Tarvo"]
[Result "1/2-1/2"]
[WhiteElo "2235"]
[BlackElo "2398"]
[PlyCount "83"]

1. e4 c5 2. Nf3 e6 3. c3 d5 4. exd5 exd5 5. d4 Nc6 6. Bb5 Bd6 7. dxc5 Bxc5 8.
O-O Nge7 9. Nbd2 O-O 10. Nb3 Bb6 11. Re1 Bg4 12. h3 Bh5 13. Be3 Bc7 14. Bc5 Re8
15. Nbd4 a6 16. Bxe7 Rxe7 17. Bxc6 Rxe1+ 18. Qxe1 bxc6 19. Nxc6 Qd6 20. Ncd4
Bg6 21. Qe2 h6 22. Rd1 Rd8 23. b4 Bb8 24. a4 Rc8 25. b5 axb5 26. Nxb5 Qf4 27.
Qd2 Qxa4 28. Nfd4 Qa6 29. Qe3 Be4 30. Re1 Qg6 31. f3 Bd3 32. Rd1 Bc4 33. Na3
Ba6 34. Nac2 Qg3 35. Nf5 Qh2+ 36. Kf2 Be5 37. Qb6 Rxc3 38. Nce3 Ra3 39. Qb1 d4
40. Ng4 Qf4 41. Nxe5 Qxe5 42. Re1 1/2-1/2

[Event "II ShakkiNet Int. IM-group"]
[Site "Helsinki"]
[Date "2000.07.14"]
[Round "5"]
[White "Lampen, Timo"]
[Black "Payen, Arnaud"]
[Result "1/2-1/2"]
[WhiteElo "2308"]
[BlackElo "2354"]
[PlyCount "123"]

1. e4 c6 2. d3 d5 3. Nd2 e5 4. Ngf3 Bd6 5. g3 Nd7 6. Bg2 Ngf6 7. O-O O-O 8. Qe2
Re8 9. Nh4 Nc5 10. Nb3 Bg4 11. f3 Bd7 12. Be3 Na4 13. c4 Qe7 14. Rad1 Nc5 15.
Nc1 g6 16. b4 Ne6 17. c5 Bc7 18. Nb3 Nh5 19. Qe1 Rad8 20. Bh3 b6 21. Ng2 d4 22.
cxb6 axb6 23. Bc1 Bd6 24. a3 c5 25. bxc5 Nxc5 26. Bxd7 Nxd7 27. f4 Bxa3 28. Nd2
b5 29. Nf3 b4 30. Bxa3 bxa3 31. Ra1 Ra8 32. fxe5 Nxe5 33. Nxe5 Qxe5 34. Qf2 Re7
35. g4 Ng7 36. Nf4 Rb7 37. Nd5 f5 38. Ra2 Rf7 39. Nb6 Raa7 40. Nc4 Qc5 41. gxf5
gxf5 42. Qh4 fxe4 43. Qd8+ Qf8 44. Qd5 Kh8 45. Rxf7 Rxf7 46. Qxe4 Rf1+ 47. Kg2
Rf4 48. Qe2 Qf5 49. h3 h5 50. Rxa3 Qg5+ 51. Kh2 h4 52. Qg2 Qf6 53. Ra8+ Kh7 54.
Ra7 Kh6 55. Kg1 Rf5 56. Ra5 Rxa5 57. Nxa5 Qf5 58. Qd2+ Kh7 59. Nc4 Qxh3 60. Qg5
Qg3+ 61. Qxg3 hxg3 62. Ne5 1/2-1/2

[Event "II ShakkiNet Int. IM-group"]
[Site "Helsinki"]
[Date "2000.07.14"]
[Round "5"]
[White "Koskela, Niina"]
[Black "Pirttimaki, Timo"]
[Result "1-0"]
[WhiteElo "2191"]
[BlackElo "2267"]
[PlyCount "89"]

1. e4 c5 2. Nf3 g6 3. d4 cxd4 4. Nxd4 Bg7 5. Nc3 Nc6 6. Be3 Nf6 7. Nb3 O-O 8.
Be2 d6 9. O-O b6 10. f4 Bb7 11. Bf3 Rc8 12. Rf2 Nb8 13. Kh1 Rxc3 14. bxc3 Nxe4
15. Bxe4 Bxe4 16. Nd4 Nd7 17. f5 Qc7 18. Bd2 Nc5 19. Qg4 Bd5 20. Re1 h5 21. Qh4
Bf6 22. Bg5 Bxg5 23. Qxg5 Ne4 24. Rxe4 Bxe4 25. fxg6 Bxg6 26. Qxg6+ fxg6 27.
Rxf8+ Kh7 28. Rf7+ Kh6 29. h4 Qxc3 30. Nf3 g5 31. hxg5+ Kg6 32. Rxe7 Qa1+ 33.
Kh2 Qxa2 34. Rd7 Qa3 35. Re7 a5 36. Re6+ Kg7 37. Re7+ Kf8 38. Rc7 d5 39. Rc8+
Ke7 40. Rc7+ Kd6 41. Rb7 Kc6 42. Rf7 Qd6+ 43. g3 Kb5 44. Nd4+ Ka6 45. Ra7+ 1-0

[Event "II ShakkiNet Int. IM-group"]
[Site "Helsinki"]
[Date "2000.07.14"]
[Round "5"]
[White "Maki-Uuro, Miikka"]
[Black "Kiik, Kalle"]
[Result "0-1"]
[WhiteElo "2329"]
[BlackElo "2442"]
[PlyCount "80"]

1. d4 c5 2. d5 g6 3. e4 d6 4. c4 Bg7 5. Nc3 Nf6 6. Nge2 O-O 7. Ng3 e6 8. Bf4 e5
9. Bd2 a6 10. Bd3 b6 11. a3 Ne8 12. O-O h5 13. Qc2 h4 14. Nge2 Ra7 15. b4 f5
16. f4 Raf7 17. bxc5 bxc5 18. Rab1 Nd7 19. exf5 gxf5 20. fxe5 Nxe5 21. Nf4 Qf6
22. Nce2 Bh6 23. Rb8 Ng7 24. h3 Bg5 25. Rb6 Qh6 26. Bc1 Re8 27. Kh2 Rfe7 28. a4
Nxd3 29. Qxd3 Re4 30. Rc6 a5 31. Qc2 Nh5 32. Ne6 Bxe6 33. Rxd6 Ng3 34. Nxg3
hxg3+ 35. Kh1 Bxc1 36. dxe6 Bf4 37. Rd5 Qxe6 38. Qc3 Re1 39. Rd1 Rxf1+ 40. Rxf1
Be3 0-1

[Event "II ShakkiNet Int. IM-group"]
[Site "Helsinki"]
[Date "2000.07.15"]
[Round "6"]
[White "Nouro, Mikael"]
[Black "Kiik, Kalle"]
[Result "1-0"]
[WhiteElo "2397"]
[BlackElo "2442"]
[PlyCount "109"]

1. e4 Nf6 2. e5 Nd5 3. d4 d6 4. c4 Nb6 5. exd6 exd6 6. Nc3 Nc6 7. Be3 Be7 8.
Nf3 Bg4 9. h3 Bh5 10. g4 Bg6 11. d5 Ne5 12. Nxe5 dxe5 13. c5 Nd7 14. d6 cxd6
15. cxd6 Bh4 16. Qa4 O-O 17. Bg2 Nb6 18. Qb4 Rc8 19. Rd1 Nc4 20. Bxa7 Bc2 21.
O-O Bxd1 22. Rxd1 b6 23. Nb5 Qf6 24. Rf1 e4 25. b3 Ne5 26. Qxe4 Nd7 27. Qd4 Qg5
28. a4 h5 29. Qd5 Qf4 30. Qf3 Qb4 31. gxh5 Bg5 32. Qg4 Qxg4 33. hxg4 Bf4 34.
Be4 Rfd8 35. Rd1 Rc1 36. Rxc1 Bxc1 37. Kg2 Bf4 38. Bf5 g6 39. hxg6 fxg6 40.
Bxg6 Bxd6 41. Nxd6 Nf8 42. Nb7 Ra8 43. Bxb6 Nxg6 44. Nd6 Rb8 45. a5 Nf4+ 46.
Kf3 Nd5 47. Nc4 Kf7 48. Ke4 Ke6 49. f4 Nf6+ 50. Kf3 Rh8 51. a6 Kd5 52. a7 Nd7
53. f5 Kc6 54. Bd4 Rg8 55. Ne5+ 1-0

[Event "II ShakkiNet Int. IM-group"]
[Site "Helsinki"]
[Date "2000.07.15"]
[Round "6"]
[White "Pirttimaki, Timo"]
[Black "Maki-Uuro, Miikka"]
[Result "1/2-1/2"]
[WhiteElo "2267"]
[BlackElo "2329"]
[PlyCount "52"]

1. e4 c5 2. Nf3 d6 3. d4 cxd4 4. Nxd4 Nf6 5. Nc3 a6 6. Be2 e5 7. Nb3 Be7 8. O-O
O-O 9. Kh1 b5 10. f4 Bb7 11. a4 Nbd7 12. axb5 axb5 13. Rxa8 Qxa8 14. Nxb5 Bxe4
15. Bf3 Qa6 16. Bxe4 Nxe4 17. Nc7 Qb7 18. Nd5 Ndf6 19. Nxf6+ Bxf6 20. Nd2 Nxd2
21. Qxd2 exf4 22. Qxd6 Bxb2 23. Qxf4 Bxc1 24. Rxc1 Rc8 25. c4 Qb4 26. h3 h6
1/2-1/2